Plzeňský uličník : pročpa se takle menujou? /

Hlavní autor: Fantová, Kateřina, 1989-
Jazyk: Čeština
Vydáno: Plzeň : Starý most, 2019
Vydání: Vydání první
Témata:
Fyzický popis: 139 stran : barevné ilustrace ; 23 cm
Knihy
Uloženo v:
LEADER 01933nam a2200565 i 4500
001 nkc20193155852
003 CZ PrNK
005 20191127092226.0
007 ta
008 191025s2019 xr a e f 000 0 cze
015 |a cnb003155852 
020 |a 978-80-7640-003-0  |q (vázáno) 
035 |a (OCoLC)1130277541 
040 |a OLA001  |b cze  |e rda 
043 |a e-xr---  |b e-xr-pl  |2 czenas 
072 7 |a 913(437)  |x Geografie Česka a Slovenska, reálie, cestování  |2 Konspekt  |9 7 
080 |a 711.73  |2 MRF 
080 |a 81'373.21  |2 MRF 
080 |a 913:94  |2 MRF 
080 |a (437.317)  |2 MRF 
080 |a (036)  |2 MRF 
080 |a (048.8)  |2 MRF 
100 1 |a Fantová, Kateřina,  |d 1989-  |7 xx0208825  |4 aut 
245 1 0 |a Plzeňský uličník :  |b pročpa se takle menujou? /  |c Kateřina Fantová 
250 |a Vydání první 
264 1 |a Plzeň :  |b Starý most,  |c 2019 
300 |a 139 stran :  |b barevné ilustrace ;  |c 23 cm 
336 |a text  |b txt  |2 rdacontent 
337 |a bez média  |b n  |2 rdamedia 
338 |a svazek  |b nc  |2 rdacarrier 
504 |a Obsahuje bibliografii 
650 0 7 |a ulice  |7 ph126872  |z Česko  |2 czenas 
650 0 7 |a názvy ulic  |7 ph340641  |z Česko  |2 czenas 
650 0 7 |a místní jména  |7 ph115407  |z Česko  |2 czenas 
650 0 7 |a historický místopis  |7 ph137052  |z Česko  |2 czenas 
650 0 9 |a streets  |z Czechia  |2 eczenas 
650 0 9 |a street names  |z Czechia  |2 eczenas 
650 0 9 |a place names  |z Czechia  |2 eczenas 
650 0 9 |a historical topography  |z Czechia  |2 eczenas 
651 7 |a Plzeň (Česko)  |7 ge130439  |2 czenas 
651 9 |a Plzeň (Czechia)  |2 eczenas 
655 7 |a průvodce  |7 fd133154  |2 czenas 
655 7 |a přehledy  |7 fd133202  |2 czenas 
655 9 |a guidebooks  |2 eczenas 
655 9 |a surveys  |2 eczenas 
910 2 |a BOA001  |b 2-1436.391 
990 |a BK 
995 |a 01 
991 |b 201911  |c NOV 
996 6 |b 2610803304  |c 2-1436.391  |l MZK  |r Sklad / do 1 hodiny  |n 0  |p p.v.  |w 001765250  |u 000010  |a 1  |e BOA001  |j MZK50  |s P